| 000 | 00494cam a22002052a 4500 | ||
|---|---|---|---|
| 001 | 014762 | ||
| 003 | AR-FADEU | ||
| 008 | 311216n1989####xxu####################dd | ||
| 020 | _a0-425-11601-8 | ||
| 092 |
_a813.54 _bF855l |
||
| 100 | _aFreeman, Cynthia | ||
| 245 | _aThe last princess | ||
| 260 | _aNew York | ||
| 260 | _bBerkley books | ||
| 260 | _c1989 | ||
| 300 | _a408 p. | ||
| 650 | _aLITERATURA ESTADOUNIDENSE-SIGLO XX; NOVELA/REVISADO/ | ||
| 546 | _ainglés | ||
| 942 | _cBDGR | ||
| 999 |
_c20522 _d20522 |
||